| 000 | 00295nam a22000977a 4500 | ||
|---|---|---|---|
| 008 | 140425t xxu||||| |||| 00| 0 eng d | ||
| 100 |
_aSyed Imtiaz Haider _9834 |
||
| 245 |
_aPharmaceutical Master Validation Plan _bThe ultimate guide to FDA, GMP, And GLP Compliance |
||
| 300 | _a176 | ||
| 942 |
_2ddc _cBK |
||
| 999 |
_c17079 _d17079 |
||